000 00612nam a2200229Ia 4500
003 OSt
005 20220925212515.0
006 a|||||r|||| 00| 0
007 ta
008 220923b |||||||| |||| 00| 0 eng d
037 _cGeneral Book
040 _aRTL
_cRTL
_beng
041 _2eng
_aeng
082 _aX:3, L0
100 _aBowen Ian
_9123702
245 0 _aAcceptable inequalities
_b An essay on the distribut
260 _aLondon
_bAllen and Unwin
_c1970
300 _a148p
_ccm.
650 _aDistribution
942 _hX:3, L0
_cGB
_2CC
999 _c560531
_d560531